<?xml version="1.0" encoding="UTF-8"?>
<record
    xmlns:xsi="http://www.w3.org/2001/XMLSchema-instance"
    xsi:schemaLocation="http://www.loc.gov/MARC21/slim http://www.loc.gov/standards/marcxml/schema/MARC21slim.xsd"
    xmlns="http://www.loc.gov/MARC21/slim">

  <leader>02437nam a2200445 a 4500</leader>
  <controlfield tag="001">000114849</controlfield>
  <controlfield tag="003">CHAP</controlfield>
  <controlfield tag="005">20220329144501.0</controlfield>
  <controlfield tag="008">180621s2018    mx |   |s|   |||0|||spa d</controlfield>
  <datafield tag="010" ind1=" " ind2=" ">
    <subfield code="a">111310</subfield>
  </datafield>
  <datafield tag="011" ind1=" " ind2=" ">
    <subfield code="a">112282</subfield>
  </datafield>
  <datafield tag="020" ind1=" " ind2=" ">
    <subfield code="a">978-607-9453-44-2</subfield>
  </datafield>
  <datafield tag="020" ind1=" " ind2=" ">
    <subfield code="a">978-84-16874-93-4</subfield>
  </datafield>
  <datafield tag="020" ind1=" " ind2=" ">
    <subfield code="a">978-84-16874-97-2</subfield>
  </datafield>
  <datafield tag="020" ind1=" " ind2=" ">
    <subfield code="a">978-84-17211-06-6</subfield>
  </datafield>
  <datafield tag="020" ind1=" " ind2=" ">
    <subfield code="a">978-84-17211-07-3</subfield>
  </datafield>
  <datafield tag="020" ind1=" " ind2=" ">
    <subfield code="a">978-84-17211-21-9</subfield>
  </datafield>
  <datafield tag="020" ind1=" " ind2=" ">
    <subfield code="a">978-84-17211-33-2</subfield>
  </datafield>
  <datafield tag="020" ind1=" " ind2=" ">
    <subfield code="a">978-84-17211-41-7</subfield>
  </datafield>
  <datafield tag="020" ind1=" " ind2=" ">
    <subfield code="a">978-84-17211-45-5</subfield>
  </datafield>
  <datafield tag="020" ind1=" " ind2=" ">
    <subfield code="a">978-84-17211-47-9</subfield>
  </datafield>
  <datafield tag="020" ind1=" " ind2=" ">
    <subfield code="a">978-84-17211-49-3</subfield>
  </datafield>
  <datafield tag="020" ind1=" " ind2=" ">
    <subfield code="a">9788417211509 </subfield>
  </datafield>
  <datafield tag="040" ind1=" " ind2=" ">
    <subfield code="c">CHAP</subfield>
  </datafield>
  <datafield tag="090" ind1=" " ind2=" ">
    <subfield code="a">CD-480</subfield>
  </datafield>
  <datafield tag="245" ind1="0" ind2="0">
    <subfield code="a">L&#xED;nea de investigaci&#xF3;n y servicio. Saberes tradicionales, conocimiento cient&#xED;fico y Filosof&#xED;a de ciencia de los procesos ambientales</subfield>
    <subfield code="h">[Disco compacto]</subfield>
    <subfield code="c">compilador Ram&#xF3;n Rivera Espinosa .</subfield>
  </datafield>
  <datafield tag="260" ind1=" " ind2=" ">
    <subfield code="a">Chapingo, M&#xE9;x. :</subfield>
    <subfield code="b">UACH. Instituto de Investigaciones Socioambientales, Educativas y Human&#xED;sticas para el Medio Rural (IISEHMER),</subfield>
    <subfield code="c">2018 .</subfield>
  </datafield>
  <datafield tag="300" ind1=" " ind2=" ">
    <subfield code="a">1 CD ROM ;</subfield>
    <subfield code="c">4 3/4 plg. .</subfield>
  </datafield>
  <datafield tag="505" ind1="0" ind2="0">
    <subfield code="a">1. Etnoarquitectura y sistemas constructivos en M&#xE9;xico y Colombia. -- 2. Econom&#xED;a solidaria y sustentabilidad. Colombia-M&#xE9;xico. -- 3. La investigaci&#xF3;n y el servicio en Psicolog&#xED;a comunitaria. -- 4. Investigaci&#xF3;nes socioambientales educativas y human&#xED;sticas para el medio rural. -- 5. El proceso metodol&#xF3;gico creativo. -- 6. Saberes tradicionales, ecoturismo, salud ambiental y participaci&#xF3;n comunitaria: hacia el desarrollo end&#xF3;geno. -- 7. Educaci&#xF3;n, salud ambiental y ecoturismo comunitario para el desarrollo end&#xF3;geno. -- 8. J&#xF3;venes y semilleros a la inv. social y cient&#xED;fica. -- 9. Filosof&#xED;a de la Ciencia de la sustentabilidad en la transformaci&#xF3;n de comunidades. Conceptos, contextos y casos de estudio. -- 10. Orientaciones en Filosof&#xED;a de la Ciencia. -- 11. Territorios, sustentabilidad, movimientos sociales y ciudadan&#xED;a. -- 12. Desarrollo sustentable y participaci&#xF3;n social.</subfield>
  </datafield>
  <datafield tag="590" ind1=" " ind2=" ">
    <subfield code="a">E6096MTM</subfield>
    <subfield code="b">05</subfield>
    <subfield code="c">20180621</subfield>
    <subfield code="l">UCH01</subfield>
    <subfield code="h">1451</subfield>
  </datafield>
  <datafield tag="590" ind1=" " ind2=" ">
    <subfield code="a">E6096MTM</subfield>
    <subfield code="b">05</subfield>
    <subfield code="c">20180626</subfield>
    <subfield code="l">UCH01</subfield>
    <subfield code="h">1354</subfield>
  </datafield>
  <datafield tag="650" ind1="1" ind2="4">
    <subfield code="a">Ciencia</subfield>
    <subfield code="x">Filosof&#xED;a.</subfield>
    <subfield code="9">23124</subfield>
  </datafield>
  <datafield tag="650" ind1="1" ind2="4">
    <subfield code="a">Conocimiento, Teor&#xED;a del.</subfield>
    <subfield code="9">27232</subfield>
  </datafield>
  <datafield tag="650" ind1="1" ind2="4">
    <subfield code="a">Investigaci&#xF3;n</subfield>
    <subfield code="x">Servicios de informaci&#xF3;n.</subfield>
    <subfield code="9">134132</subfield>
  </datafield>
  <datafield tag="650" ind1="1" ind2="4">
    <subfield code="a">Medio ambiente</subfield>
    <subfield code="x">Investigaci&#xF3;n</subfield>
    <subfield code="x">M&#xE9;xico.</subfield>
    <subfield code="9">74096</subfield>
  </datafield>
  <datafield tag="700" ind1="1" ind2=" ">
    <subfield code="a">Rivera Espinosa, Ram&#xF3;n</subfield>
    <subfield code="e">, comp.</subfield>
    <subfield code="9">97637</subfield>
  </datafield>
  <datafield tag="901" ind1=" " ind2=" ">
    <subfield code="a">BK</subfield>
  </datafield>
  <datafield tag="942" ind1=" " ind2=" ">
    <subfield code="c">CD</subfield>
  </datafield>
  <datafield tag="942" ind1=" " ind2=" ">
    <subfield code="n">0</subfield>
  </datafield>
  <datafield tag="999" ind1=" " ind2=" ">
    <subfield code="c">111310</subfield>
    <subfield code="d">111310</subfield>
  </datafield>
  <datafield tag="952" ind1=" " ind2=" ">
    <subfield code="0">0</subfield>
    <subfield code="1">0</subfield>
    <subfield code="4">0</subfield>
    <subfield code="5">4</subfield>
    <subfield code="7">1</subfield>
    <subfield code="8">MM</subfield>
    <subfield code="a">BC</subfield>
    <subfield code="b">BC</subfield>
    <subfield code="d">2018-06-21</subfield>
    <subfield code="f">CD</subfield>
    <subfield code="l">0</subfield>
    <subfield code="o">CD-480</subfield>
    <subfield code="p">33724002556017</subfield>
    <subfield code="r">2019-12-31 00:00:00</subfield>
    <subfield code="w">2019-12-31</subfield>
    <subfield code="y">CD</subfield>
    <subfield code="z">Recien adquirido</subfield>
  </datafield>
</record>
